| 000 | 00458nam a2200193Ia 4500 | ||
|---|---|---|---|
| 003 | 0100 | ||
| 008 | 130303s9999 xx 000 0 und d | ||
| 040 | _cARRUPELIB | ||
| 050 | _aB3305.M74D8 1966 | ||
| 100 | _aDuprÚ, Louis | ||
| 245 | 4 | _aThe philosophical foundations of marxism | |
| 260 | _aNew York | ||
| 260 | _bHarcourt, Brace and World | ||
| 260 | _C1966 | ||
| 300 | _axiv | ||
| 300 | _b 240p. 21cm. | ||
| 650 | _aPHILOSOPHY | ||
| 942 | 0 | 0 | _02 |
| 999 |
_c38727 _d38727 |
||